00635nam a2200217 a 450000100060000000300090000600800410001502000180005604000280007404100080010210000260011024500480013626000340018430000220021865000340024065000220027465000340029665000230033065000400035365000240039324417CO-ViMGA141112s2004 ck r 000 u spa d a9789581413591 aCO-ViMGAbspacCO-ViMGA aSPA1 aHeine, Helme, 1941 - 10aLa liebre con la nariz roja / cHelme Heine aBogotá : bLóguez, c2011 a10 p. : il., col.14aANIMALES DEL BOSQUE - CUENTO 14aAUTORES ALEMANES 14aCONEJOS - LIBROS DE IMAGENES 14aDESDE LOS 18 MESES14aLEER ES MI CUENTO - COLECCION 2011 14aLITERATURA ALEMANA